INTERMEDIATE MICROECONOMICS: (Record no. 3668)
[ view plain ]
| 000 -LEADER | |
|---|---|
| fixed length control field | 00298nam a22001097a 4500 |
| 008 - FIXED-LENGTH DATA ELEMENTS--GENERAL INFORMATION | |
| fixed length control field | 151016b xxu||||| |||| 00| 0 eng d |
| 020 ## - INTERNATIONAL STANDARD BOOK NUMBER | |
| International Standard Book Number | 0155414968. |
| 082 ## - | |
| Classification number | 338.5 CLO |
| 100 ## - MAIN ENTRY--PERSONAL NAME | |
| Personal name | CLOWER ROBERT W, |
| 245 ## - TITLE STATEMENT | |
| Title | INTERMEDIATE MICROECONOMICS: |
| 260 ## - PUBLICATION, DISTRIBUTION, ETC. (IMPRINT) | |
| Place of publication, distribution, etc. | NEW YORK: |
| Name of publisher, distributor, etc. | HARCOURT BRACE JOVANOVICH |
| Date of publication, distribution, etc. | 1988. |
| Withdrawn status | Lost status | Source of classification or shelving scheme | Damaged status | Koha normalized classification for sorting | Not for loan | Home library | Current library | Shelving location | Date acquired | Total Checkouts | Full call number | Barcode | Date last seen | Price effective from | Koha item type |
|---|---|---|---|---|---|---|---|---|---|---|---|---|---|---|---|
| Dewey Decimal Classification | 338_500000000000000_CLO | Dodoma | Dodoma | Reference | 16/10/2015 | 338.5 CLO | 000000001525 | 29/07/2019 | 16/10/2015 | BOOKS RESERVE |
